| 000 | 00371nam a2200145Ia 4500 | ||
|---|---|---|---|
| 008 | 150201s2011 xx 000 0 und d | ||
| 082 |
_a610.7 _bK11K |
||
| 100 | _aKPH | ||
| 245 | _aKPH NURSING EXAMINATION SERIES: MODEL TEST PAPERS FUNDAMENTAL OF NURSING | ||
| 250 | _a1ST | ||
| 260 |
_bKUMAR PUB. _aDELHI _c2011 |
||
| 300 | _a148 | ||
| 650 | _aNURSING | ||
| 942 |
_2ddc _cBK |
||
| 999 |
_c2309 _d2309 |
||